| 000 | 00335nam a22001217a 4500 | ||
|---|---|---|---|
| 008 | 180516b xxu||||| |||| 00| 0 eng d | ||
| 041 | _aeng | ||
| 080 | _a043.3 | ||
| 100 | _a0 | ||
| 101 | _aSHKI-MTH | ||
| 245 |
_aSiguria dhe rëndësia e infrastrukturës të rrjetave në shkollat e mesme në Prishtinë _cBerisha,F |
||
| 942 |
_2udc _cBK |
||
| 999 |
_c45852 _d45852 |
||